000 01564nam0a2200325 4500
001 RU\NLR\bibl\798995
005 20250614125033.0
010 _a5-17-027716-4
_bАСТ
010 _a5-271-10508-3
_920000
_bАстрель
021 _aRU
_b2005-3257
_9161
035 _a(NLR Aleph) 000788180
090 _a1104782
_c1104782
100 _a20050514d2005 |||y0rusy50 ca
101 0 _arus
102 _aRU
105 _aa |||||||||
200 1 _aВАЗ-2115, ВАЗ-2114, ВАЗ-2113 и их модификации
_eруководство по эксплуатации, техническому обслуживанию и ремонту автомобиля. Каталог узлов, деталей и запасных частей
_f[Косарев Сергей Николаевич]
210 _aМосква
_cАстрель
_cАСТ
_d2005
215 _a375 с.
_cил.
_d28
606 1 _a"Лада", легковые автомобили
_jУчебные издания
_xЭксплуатация
_92081929
_3RU\NLR\auth\661257937
606 1 _a"Лада", легковые автомобили
_jКаталоги
_xДетали
_92163469
_3RU\NLR\auth\661301859
606 1 _a"Лада", легковые автомобили
_jКаталоги
_xЗапасные части
_92103391
_3RU\NLR\auth\661271863
686 _aО335.52-08я7-1
686 _aО335.52-04я26
702 1 _aКосарев
_bС. Н.
_gСергей Николаевич
801 0 _aRU
_bNLR
_c20050514
_gPSBO
801 1 _aRU
_bNLR
_c20050514
942 _cBOOK
980 _aNB